Traditional Counties of the United Kingdom - Statistics

General Stats
  • This quiz has been taken 445 times
  • The average score is 52 of 92
Answer Stats
Hint Answer % Correct
England Cornwall
90%
England Devon
89%
England Yorkshire
89%
England Sussex
85%
England Essex
83%
England Kent
83%
England Norfolk
83%
England Lancashire
82%
England Cambridgeshire
81%
England Leicestershire
80%
England Hampshire
79%
England Oxfordshire
79%
England Somerset
79%
England Suffolk
79%
England Dorset
78%
England Lincolnshire
78%
England Northumberland
78%
England Derbyshire
77%
England Nottinghamshire
77%
England Gloucestershire
76%
England Herefordshire
76%
England Worcestershire
76%
England Cheshire
75%
England Bedfordshire
74%
England Hertfordshire
74%
England Surrey
74%
England Berkshire
73%
England Buckinghamshire
72%
England Durham
71%
England Shropshire
71%
England Rutland
70%
England Staffordshire
70%
England Warwickshire
70%
England Northamptonshire
69%
England Wiltshire
68%
Scotland Aberdeenshire
66%
England Cumberland
64%
England Middlesex
61%
Northern Ireland Londonderry
60%
Northern Ireland Armagh
56%
Scotland Perthshire
56%
Northern Ireland Antrim
54%
Scotland Midlothian
51%
Scotland Orkney
51%
Scotland Shetland
51%
Scotland Ayrshire
49%
Northern Ireland Down
49%
Scotland Lanarkshire
49%
Wales Pembrokeshire
49%
England Westmorland
49%
Scotland Fife
48%
Wales Glamorgan
48%
Scotland East Lothian
47%
Scotland Inverness-shire
47%
Wales Monmouthshire
47%
Scotland Angus
46%
Scotland West Lothian
46%
Wales Anglesey
45%
Scotland Argyllshire
45%
Northern Ireland Fermanagh
45%
England Huntingdonshire
45%
Northern Ireland Tyrone
45%
Scotland Berwickshire
43%
Wales Cardiganshire
43%
Wales Carmarthenshire
43%
Wales Flintshire
43%
Scotland Stirlingshire
43%
Wales Denbighshire
42%
Scotland Dunbartonshire
42%
Scotland Renfrewshire
42%
Scotland Banffshire
41%
Scotland Sutherland
41%
Scotland Caithness
40%
Scotland Ross-shire
40%
Scotland Morayshire
39%
Scotland Buteshire
37%
Scotland Kinross-shire
37%
Scotland Nairnshire
37%
Scotland Peeblesshire
37%
Scotland Roxburghshire
37%
Scotland Wigtownshire
37%
Scotland Kirkcudbrightshire
36%
Wales Montgomeryshire
36%
Scotland Selkirkshire
36%
Wales Caernarfonshire
35%
Scotland Dumfriesshire
35%
Wales Radnorshire
34%
Wales Merioneth
33%
Wales Brecknockshire
32%
Scotland Clackmannanshire
32%
Scotland Cromartyshire
31%
Scotland Kincardineshire
30%
No matching quizzes found
Score Distribution
Percent of People with Each Score
Percentile by Number Answered
Your Score History
You have not taken this quiz